| 000 | 02175cam a2200493 cb4500 | ||
|---|---|---|---|
| 001 | 1006467009 | ||
| 003 | DE-627 | ||
| 005 | 20250527124845.0 | ||
| 007 | tu | ||
| 008 | 171201s2018 gw ||||| 6 00| ||ger c | ||
| 015 |
_a17,N48 _2dnb |
||
| 016 | 7 |
_a1145168213 _2DE-101 |
|
| 020 |
_a3551797137 _c : EUR 6.99 (DE), EUR 7.20 (AT), CHF 10.50 (freier Preis) |
||
| 020 |
_a9783551797131 _c : EUR 6.99 (DE), EUR 7.20 (AT), CHF 10.50 (freier Preis) |
||
| 024 | 3 | _a9783551797131 | |
| 035 | _a(DE-627)1006467009 | ||
| 035 | _a(DE-599)DNB1145168213 | ||
| 035 | _a(OCoLC)1245493991 | ||
| 040 |
_aDE-627 _bger _cDE-627 _erda |
||
| 041 | _ager | ||
| 044 | _cXA-DE-HH | ||
| 082 | 0 | 4 |
_a741.5 _qDE-101 |
| 100 | 1 |
_aHorikoshi, Kōhei _d1986- _eVerfasserIn _eKünstlerIn _0(DE-588)113068962X _0(DE-627)884892603 _0(DE-576)486926397 _4aut _4art |
|
| 245 | 1 | 0 |
_aMy Hero Academia 13 _cKohei Horikoshi ; aus dem Japanischen von Antje Bockel |
| 250 | _aDeutsche Ausgabe, 1. Aufl. 18 | ||
| 264 | 1 |
_aHamburg _bCarlsen Verlag GmbH _c[2018] |
|
| 300 |
_a168 Seiten _c17.5 cm x 11.5 cm |
||
| 336 |
_aText _btxt _2rdacontent |
||
| 336 |
_aunbewegtes Bild _bsti _2rdacontent |
||
| 337 |
_aohne Hilfsmittel zu benutzen _bn _2rdamedia |
||
| 338 |
_aBand _bnc _2rdacarrier |
||
| 490 | 1 |
_aMy Hero Academia / Kohei Horikoshi ; aus dem Japanischen von Antje Bockel _vvol. 13 |
|
| 490 | 0 | _aCarlsen Manga! | |
| 490 | 0 | _aAction | |
| 655 | 7 |
_aComic _0(DE-588)4010427-8 _0(DE-627)104377402 _0(DE-576)208887989 _2gnd-content |
|
| 700 | 1 |
_aBockel, Antje _eÜbersetzerIn _0(DE-588)1025682602 _0(DE-627)724452826 _0(DE-576)370626141 _4trl |
|
| 710 | 2 |
_aCarlsen Verlag _eVerlag _0(DE-588)2036434-9 _0(DE-627)10257796X _0(DE-576)191872857 _4pbl |
|
| 776 | 1 | _z9783646709711 | |
| 800 | 1 |
_aHorikoshi, Kōhei _d1986- _tMy hero academia. _vvol. 13 _913.2018 _w(DE-627)86611145X _w(DE-576)9866111458 _7am |
|
| 856 | 4 | 2 |
_uhttp://deposit.dnb.de/cgi-bin/dokserv?id=028c82f484cd437fa2f10d127746d460&prov=M&dok_var=1&dok_ext=htm _mX: MVB _qtext/html _v2017-11-29 _3Inhaltstext |
| 856 | 4 | 2 |
_uhttps://d-nb.info/1145168213/04 _mB:DE-101 _qapplication/pdf _v2020-12-02 _3Inhaltsverzeichnis |
| 942 |
_2ddc _cMGA _n0 |
||
| 951 | _aMV | ||
| 999 |
_c1286 _d1286 |
||